Modelo de Esman y Blaise para diagnósticos y la producción de un cambio en la estructura y la organización de la administración pública costarricense

Guardado en:
書目詳細資料
企業作者: Costa Rica. Ministerio de la Presidencia. Oficina de Planificación Nacional y Política Económica
格式: Texto
出版: San José: La Oficina
標簽: 添加標簽
沒有標簽, 成為第一個標記此記錄!

MARC

LEADER 00000 a a2200000 04500
001 15417
003
040
090 |a 019000  
110 |a Costa Rica. Ministerio de la Presidencia. Oficina de Planificación Nacional y Política Económica  
245 |a Modelo de Esman y Blaise para diagnósticos y la producción de un cambio en la estructura y la organización de la administración pública costarricense  
260 |a San José:   |b La Oficina  
300 |a 30 p.  
999 |c 13165  |d 13165